000 01098nam a22002897a 4500
001 BR2018000116
003 BR-BrBNA
005 20230928105222.0
007 ta
008 230509b bl.||||| |||| 00| 0 por d
040 _aBR-BrBNA
_bpor
_cBiblioteca Nacional de Agricultura
041 _a(Por)
072 _aL73
_b5212
_b4110
090 _ 5212 BR2018000116
100 1 _aGotti, T.B.
110 1 _aUniversidade de São Paulo, SP (Brasil). Faculdade de Medicina Veterinária e Zootecnia
_0Tese (Mestre em Medicina Veterinária)
_910560
245 1 _aAvaliação de três protocolos antibióticos na qualidade de sêmen bovino quanto ao seu efeito sobre a microbiota autóctone e na destruição da leptospira spp. sorovares hardjo (estirpes Hardjoprajitno e Hardjobovis)e Wolffi (estirpe 3705)
260 3 _aSão Paulo, SP (Brasil):
_c2006.
300 _a89 p.
500 _aSummaries (Eng, Por); Bibliography p. 81-85; 15 tables
650 _aBOVINO
650 _aLEPTOSPIROSE
650 _aSÊMEN
650 _aANTIBIÓTICO
909 _a202309
_bLucia
_c55
_dLucia Elande
942 _cBK
999 _c84101
_d84101